MARC details
| 000 -LEADER |
| fixed length control field |
03988cam a2200565 i 4500 |
| 001 - CONTROL NUMBER |
| control field |
on1045497110 |
| 003 - CONTROL NUMBER IDENTIFIER |
| control field |
TZ-ArACH |
| 005 - DATE AND TIME OF LATEST TRANSACTION |
| control field |
20230921155642.0 |
| 008 - FIXED-LENGTH DATA ELEMENTS--GENERAL INFORMATION |
| fixed length control field |
180808t20182018enk b 001 0 eng d |
| 010 ## - LIBRARY OF CONGRESS CONTROL NUMBER |
| LC control number |
2018954429 |
| 015 ## - NATIONAL BIBLIOGRAPHY NUMBER |
| National bibliography number |
GBB8N5743 |
| Source |
bnb |
| 016 7# - NATIONAL BIBLIOGRAPHIC AGENCY CONTROL NUMBER |
| Record control number |
019174409 |
| Source |
Uk |
| 020 ## - INTERNATIONAL STANDARD BOOK NUMBER |
| International Standard Book Number |
9781788113038 |
| Qualifying information |
(cased) |
| 020 ## - INTERNATIONAL STANDARD BOOK NUMBER |
| International Standard Book Number |
1788113039 |
| Qualifying information |
(cased) |
| 020 ## - INTERNATIONAL STANDARD BOOK NUMBER |
| Cancelled/invalid ISBN |
9781788113045 |
| Qualifying information |
(eBook) |
| 035 ## - SYSTEM CONTROL NUMBER |
| System control number |
(OCoLC)1045497110 |
| 040 ## - CATALOGING SOURCE |
| Original cataloging agency |
YDX |
| Language of cataloging |
eng |
| Description conventions |
rda |
| Transcribing agency |
TZ-ArACH |
| 042 ## - AUTHENTICATION CODE |
| Authentication code |
lccopycat |
| 043 ## - GEOGRAPHIC AREA CODE |
| Geographic area code |
n------ |
| -- |
s------ |
| -- |
d------ |
| 049 ## - LOCAL HOLDINGS (OCLC) |
| Holding library |
TZAA |
| 050 00 - LIBRARY OF CONGRESS CALL NUMBER |
| Classification number |
KDZ579 |
| Item number |
.P39 2018 |
| 100 1# - MAIN ENTRY--PERSONAL NAME |
| Personal name |
Paz González, Isaac de, |
| Relator term |
author. |
| 245 14 - TITLE STATEMENT |
| Title |
Social rights jurisprudence in the Inter-American Court of Human Rights : |
| Remainder of title |
shadow and light in international human rights / |
| Statement of responsibility, etc |
Isaac De Paz González, Autonomous University of Baja, California, Mexico. |
| 260 ## - PUBLICATION, DISTRIBUTION, ETC. (IMPRINT) |
| Place of publication, distribution, etc |
Cheltenham, UK ; |
| -- |
Northampton, MA, USA : |
| Name of publisher, distributor, etc |
Edward Elgar Publishing, |
| Date of publication, distribution, etc |
2018. |
| 300 ## - PHYSICAL DESCRIPTION |
| Extent |
xxi, 231 pages ; |
| Dimensions |
25 cm. |
| Other physical details |
24 cm |
| 490 1# - SERIES STATEMENT |
| Series statement |
Elgar studies in human rights |
| 504 ## - BIBLIOGRAPHY, ETC. NOTE |
| Bibliography, etc |
Includes bibliographical references and index. |
| 504 ## - BIBLIOGRAPHY, ETC. NOTE |
| Bibliography, etc |
Includes bibliographical references (pages 200-215) and index. |
| 505 0# - FORMATTED CONTENTS NOTE |
| Formatted contents note |
Constitutional law and international human rights law in the Inter-American system : approaches, tensions and setting the social rights scene -- Indigenous rights : old issues, new methods? : protecting excluded groups -- Deprivation of life and marginalisation : trends in children's social rights -- Jurisprudence on the right to health and education -- Labour rights : the path to a direct interpretation of Article 26 ACHR -- Slavery and poverty on trial : light and shadow. |
| 520 ## - SUMMARY, ETC. |
| Summary, etc |
"The Inter-American Court of Human Rights continues to build justiciability to determine the social rights of marginalised individuals and groups in the Americas. In this engaging book, Isaac de Paz Gonz�alez unveils the abilities, and the practices of the Inter-American Court's contribution to human rights policy in the Global South. This innovative book offers a thorough and complete examination of the Inter-American Court's jurisprudence over its forty years of existence, within the framework of Economic and Social Rights (ESR). The author offers a concise discussion of both the historic and landmark cases in regards to ESR, and its theoretical basis, as well as giving insight into how to further improve and protect the lives of the most vulnerable people in the Americas. This book also exposes the possibility of enforcing legal remedies for poverty and structural discrimination in order to seek social justice. Contemporary and insightful, this book will be vital reading for legal scholars and students interested in human rights more broadly, as well as social justice and social rights specialists. Judges, practitioners and policymakers will also find this book a thought-provoking read"-- |
| 610 20 - SUBJECT ADDED ENTRY--CORPORATE NAME |
| Corporate name or jurisdiction name as entry element |
Inter-American Court of Human Rights. |
| 610 27 - SUBJECT ADDED ENTRY--CORPORATE NAME |
| Corporate name or jurisdiction name as entry element |
Inter-American Court of Human Rights. |
| Source of heading or term |
fast |
| 650 #0 - SUBJECT ADDED ENTRY--TOPICAL TERM |
| Topical term or geographic name as entry element |
Sociological jurisprudence |
| Geographic subdivision |
America. |
| 650 #0 - SUBJECT ADDED ENTRY--TOPICAL TERM |
| Topical term or geographic name as entry element |
International human rights courts |
| Geographic subdivision |
America. |
| 650 #0 - SUBJECT ADDED ENTRY--TOPICAL TERM |
| Topical term or geographic name as entry element |
Human rights |
| Geographic subdivision |
America. |
| 650 #0 - SUBJECT ADDED ENTRY--TOPICAL TERM |
| Topical term or geographic name as entry element |
Social rights |
| Geographic subdivision |
America. |
| 650 #0 - SUBJECT ADDED ENTRY--TOPICAL TERM |
| Topical term or geographic name as entry element |
Social rights |
| Geographic subdivision |
Developing countries. |
| 650 #0 - SUBJECT ADDED ENTRY--TOPICAL TERM |
| Topical term or geographic name as entry element |
Human rights |
| Geographic subdivision |
Developing countries. |
| 9 (RLIN) |
5425 |
| 650 #0 - SUBJECT ADDED ENTRY--TOPICAL TERM |
| Topical term or geographic name as entry element |
Marginality, Social. |
| 650 #7 - SUBJECT ADDED ENTRY--TOPICAL TERM |
| Topical term or geographic name as entry element |
Human rights. |
| Source of heading or term |
fast |
| 650 #7 - SUBJECT ADDED ENTRY--TOPICAL TERM |
| Topical term or geographic name as entry element |
International human rights courts. |
| Source of heading or term |
fast |
| 650 #7 - SUBJECT ADDED ENTRY--TOPICAL TERM |
| Topical term or geographic name as entry element |
Sociological jurisprudence. |
| Source of heading or term |
fast |
| 650 #7 - SUBJECT ADDED ENTRY--TOPICAL TERM |
| Topical term or geographic name as entry element |
Marginality, Social. |
| Source of heading or term |
fast |
| 650 #7 - SUBJECT ADDED ENTRY--TOPICAL TERM |
| Topical term or geographic name as entry element |
Social rights. |
| Source of heading or term |
fast |
| 651 #7 - SUBJECT ADDED ENTRY--GEOGRAPHIC NAME |
| Geographic name |
America. |
| Source of heading or term |
fast |
| 651 #7 - SUBJECT ADDED ENTRY--GEOGRAPHIC NAME |
| Geographic name |
Developing countries. |
| Source of heading or term |
fast |
| 9 (RLIN) |
15935 |
| 776 08 - ADDITIONAL PHYSICAL FORM ENTRY |
| Display text |
Online version: |
| Main entry heading |
Paz González, Isaac de. |
| Title |
Social rights jurisprudence in the Inter-American Court of Human Rights. |
| Place, publisher, and date of publication |
Cheltenham, UK ; Northampton, Massachusetts : Edward Elgar Publishing Limited, 2018 |
| International Standard Book Number |
9781788113045 |
| Record control number |
(OCoLC)1078923331 |
| 830 #0 - SERIES ADDED ENTRY--UNIFORM TITLE |
| Uniform title |
Elgar studies in human rights. |
| 942 ## - ADDED ENTRY ELEMENTS (KOHA) |
| Source of classification or shelving scheme |
Library of Congress Classification |
| Koha item type |
Books |